[Event "Challenge"]
[Site "http://www.queenalice.com/game.php?id=274600"]
[Date "2007.9.20"]
[Round "-"]
[White "brainstorm"]
[Black "piemme"]
[Result "0-1"]
[WhiteElo "1500"]
[BlackElo "1672"]

1. e4 c5 2. Nf3 d6 3. d4 b6 4. Bc4 Be6 5. Bxe6 fxe6 6. Ng5 Qd7 7. Qh5+ g6 8. Qg4
Nf6 9. Qxe6 Bh6 10. Qxd7+ Nbxd7 11. Ne6 Bxc1 12. Nd2 Bxb2 13. Rb1 Bc3 14. Nc7+
Kf7 15. Nxa8 Rxa8 16. Ke2 Bxd4 17. Rhd1 Ng4 18. Nf3 Nxf2 19. Rxd4 cxd4 20. Kxf2
Rc8 21. Nxd4 e5 22. Nb5 Rxc2+ 23. Kg3 Rxa2 24. Nxd6+ Ke6 25. Nb5 Nc5 26. Rb4 Nd3
27. Rb3 Nc1 28. Rb4 Ne2+ 29. Kf3 Ng1+ 30. Kg3 h5 31. Rb3 Kf6 32. Ra3 Rxa3+ 33.
Nxa3 Ne2+ 34. Kf3 Nc3 35. Nc4 g5 36. h3 b5 37. Nd6 b4 0-1

[Event "Challenge"]
[Site "http://www.queenalice.com/game.php?id=281695"]
[Date "2007.10.5"]
[Round "-"]
[White "brainstorm"]
[Black "ishamael13"]
[Result "1-0"]
[WhiteElo "1386"]
[BlackElo "1718"]

1. d4 d5 2. c4 e6 3. Nc3 Nf6 4. e3 c5 5. Nf3 Nc6 6. cxd5 exd5 7. Be2 Be7 8. O-O
O-O 9. Qb3 cxd4 10. exd4 Na5 11. Qc2 a6 12. Bd2 Bg4 13. Rfe1 Rc8 14. Ng5 Re8 15.
Bxg4 Rc4 16. Be3 Nc6 17. b3 Nxd4 18. Qd3 Nxg4 19. Qxh7+ 1-0

[Event "Challenge"]
[Site "http://www.queenalice.com/game.php?id=294992"]
[Date "2007.10.29"]
[Round "-"]
[White "piemme"]
[Black "brainstorm"]
[Result "0-1"]
[WhiteElo "1735"]
[BlackElo "1684"]

1. c4 c5 2. d3 Nf6 3. Bg5 d5 4. cxd5 Nxd5 5. e4 h6 6. Be3 Nxe3 7. fxe3 Nc6 8.
Be2 Qb6 9. b3 c4 10. Qd2 e5 11. Nf3 Bb4 12. Nc3 Bxc3 13. Qxc3 cxb3 14. Qxb3 Qxe3
15. Qc3 O-O 16. Nxe5 Nd4 17. Nc4 Qxe2# 0-1

[Event "Challenge"]
[Site "http://www.queenalice.com/game.php?id=300013"]
[Date "2007.11.7"]
[Round "-"]
[White "brainstorm"]
[Black "DJLeon"]
[Result "1-0"]
[WhiteElo "1630"]
[BlackElo "1446"]

1. d4 Nf6 2. c4 Nc6 3. Nf3 d5 4. e3 Bf5 5. Qb3 b6 6. Nbd2 e6 7. Bd3 Nb4 8. Bxf5
exf5 9. a3 Nc6 10. Qd3 dxc4 11. Qxf5 g6 12. Qb5 Qd5 13. Qxd5 Nxd5 14. e4 Nf4 15.
Nxc4 Nxg2+ 16. Kf1 Nf4 17. Bxf4 O-O-O 18. d5 Na5 19. Nxa5 bxa5 20. Rc1 Bd6 21.
e5 Bc5 22. Rxc5 h6 23. e6 fxe6 24. Bxc7 Rxd5 25. Rxd5 exd5 26. Bxa5 Rf8 27. Kg2
h5 28. Rc1+ Kb7 29. Rc7+ Kb8 30. Ne5 Rd8 31. Nc6+ Ka8 32. Nxd8 Kb8 33. Nc6+ Ka8
34. Rxa7# 1-0

[Event "Challenge"]
[Site "http://www.queenalice.com/game.php?id=306828"]
[Date "2007.11.19"]
[Round "-"]
[White "gato"]
[Black "brainstorm"]
[Result "1/2-1/2"]
[WhiteElo "1721"]
[BlackElo "1774"]

1. e4 c5 2. Nc3 Nc6 3. Nf3 Nf6 4. d4 e6 5. Bg5 Be7 6. Bxf6 Bxf6 7. e5 Be7 8. d5
exd5 9. Qxd5 Nb4 10. Qd2 d6 11. Bb5+ Bd7 12. Bxd7+ Qxd7 13. O-O Rd8 14. a3 Nc6
15. Ne4 Qf5 16. Rae1 dxe5 17. Qc3 b6 18. Ng3 Qf6 19. Ne4 Qe6 20. Neg5 Qf5 21.
Ne4 O-O 22. Ng3 Qe6 23. Nxe5 Nxe5 24. f4 Bh4 25. Rxe5 Qd7 26. Nh5 f6 27. Re2 Qf7
28. Qf3 Rd5 29. Ng3 Rfd8 30. Ree1 Qg6 31. Rd1 Rxd1 32. Rxd1 Rxd1+ 33. Qxd1 Bxg3
34. hxg3 Qxg3 35. Qd5+ Kf8 36. Qa8+ Kf7 37. Qxa7+ Kg6 38. f5+ Kg5 39. Qxg7+ Kf4
40. Qc7+ Kg4 41. Qg7+ Kf4 42. Qc7+ Kg4 43. Qg7+ Kf4 44. Qh6+ Kg4 45. Qg7+
1/2-1/2

[Event "Challenge"]
[Site "http://www.queenalice.com/game.php?id=311176"]
[Date "2007.11.27"]
[Round "-"]
[White "brainstorm"]
[Black "mario"]
[Result "1-0"]
[WhiteElo "1766"]
[BlackElo "1769"]

1. d4 d5 2. c4 dxc4 3. e4 b5 4. Nc3 a6 5. a4 b4 6. Nd5 e6 7. Ne3 c3 8. bxc3 bxc3
9. Ba3 c5 10. dxc5 Be7 11. e5 Nh6 12. Rc1 Qa5 13. Qd4 Nc6 14. Qxc3 Qxc3+ 15.
Rxc3 Nxe5 16. Be2 Bb7 17. Nf3 Bxf3 18. Bxf3 Nxf3+ 19. gxf3 O-O 20. O-O Rac8 21.
Rfc1 Rc6 22. Rc4 Rfc8 23. Kg2 f5 24. Rb4 Nf7 25. Rb7 Bg5 26. Rd1 Bxe3 27. fxe3
R8c7 28. Rb6 Ne5 29. Rd6 Rxb6 30. cxb6 Rc6 31. b7 1-0

[Event "Challenge"]
[Site "http://www.queenalice.com/game.php?id=312931"]
[Date "2007.11.30"]
[Round "-"]
[White "brainstorm"]
[Black "piemme"]
[Result "1-0"]
[WhiteElo "1875"]
[BlackElo "1783"]

1. e4 c5 2. Nf3 d6 3. d4 Bg4 4. Bb5+ Nd7 5. Nbd2 cxd4 6. h3 Bxf3 7. Nxf3 Qb6 8.
Bxd7+ Kxd7 9. Nxd4 e5 10. Nb3 Nf6 11. Be3 Qc6 12. Qd3 Rd8 13. Rd1 Nxe4 14. f3
Nf6 15. Qf5+ Kc7 16. Rd3 Qxc2 17. Rc3+ Qxc3+ 18. bxc3 Nd5 19. Qxf7+ Ne7 20. O-O
Rc8 21. Rd1 Kb8 22. f4 Nc6 23. fxe5 Nxe5 24. Qd5 Rxc3 25. Na5 Nc6 26. Qf7 Nxa5
27. Bf4 Rc7 28. Rxd6 Rxf7 29. Rd8# 1-0

[Event "Let's Play Chess!"]
[Site "http://www.queenalice.com/game.php?id=319672"]
[Date "2007.12.17"]
[Round "-"]
[White "brainstorm"]
[Black "CampbellMarcel"]
[Result "1-0"]
[WhiteElo "1823"]
[BlackElo "1841"]

1. d4 f5 2. c4 Nf6 3. Nc3 c6 4. Bf4 h6 5. Nf3 g5 6. Be5 Bg7 7. e3 d6 8. Bxf6
Bxf6 9. h3 Nd7 10. Bd3 Nf8 11. O-O e6 12. d5 e5 13. Nd2 h5 14. e4 f4 15. dxc6
bxc6 16. Qa4 Bd7 17. Qb4 c5 18. Qb3 Rb8 19. Qc2 Ne6 20. Nd5 Nd4 21. Qd1 g4 22.
hxg4 hxg4 23. Be2 Nxe2+ 24. Qxe2 Rxb2 25. Rfb1 Rxb1+ 26. Rxb1 Bh4 27. Qd1 Bxf2+
28. Kxf2 Qh4+ 29. Ke2 f3+ 30. gxf3 gxf3+ 31. Nxf3 Qxe4+ 32. Kd2 Qh7 33. Nf6+ 1-0

[Event "Let's Play Chess!"]
[Site "http://www.queenalice.com/game.php?id=345094"]
[Date "2008.1.31"]
[Round "-"]
[White "brainstorm"]
[Black "mtdfbsb"]
[Result "1-0"]
[WhiteElo "1941"]
[BlackElo "1759"]

1. d4 d5 2. c4 e6 3. Nc3 Nf6 4. Nf3 c6 5. e3 Bd6 6. Be2 dxc4 7. Bxc4 b5 8. Bd3
O-O 9. e4 b4 10. e5 bxc3 11. bxc3 Nd5 12. exd6 Nxc3 13. Qc2 Nd5 14. Bxh7+ Kh8
15. O-O g6 16. Bxg6 fxg6 17. Qxg6 Qf6 18. Qh5+ Kg8 19. Bh6 Qf7 20. Qg4+ Kh8 21.
Bxf8 Qxf8 22. Rfe1 Qxd6 23. Re5 Nf6 24. Qh4+ Kg7 25. Rg5+ Kf7 26. Ne5+ Kf8 27.
Qh8+ 1-0

[Event "Challenge"]
[Site "http://www.queenalice.com/game.php?id=346300"]
[Date "2008.1.31"]
[Round "-"]
[White "CampbellMarcel"]
[Black "brainstorm"]
[Result "0-1"]
[WhiteElo "1820"]
[BlackElo "1910"]

1. e4 c5 2. Nf3 Nc6 3. c3 e6 4. Bc4 Nf6 5. e5 Ng4 6. Qe2 d5 7. exd6 Bxd6 8. h3
Nf6 9. d3 O-O 10. Bg5 h6 11. Bh4 Re8 12. Nbd2 Be7 13. O-O-O Nd5 14. Bxe7 Rxe7
15. Ne4 b6 16. g4 f5 17. Bxd5 exd5 18. Nf6+ gxf6 19. Qd2 Rh7 20. gxf5 Bxf5 21.
Qf4 Ne7 22. Nh4 Qd7 23. Rdg1+ Kh8 24. Rg3 Rg8 25. Rxg8+ Kxg8 26. Rg1+ Kh8 27.
Qb8+ Qc8 28. Qxa7 Qd8 29. Nxf5 Nxf5 30. Qa4 Rg7 31. Rxg7 Nxg7 32. Qc6 Ne8 33.
Qe6 Kg7 34. f4 Kf8 35. f5 Ng7 36. Qe2 Nxf5 37. Qg2 Kf7 38. a3 Qd6 39. Kd2 d4 40.
c4 Qf4+ 41. Kc2 Ne3+ 0-1

[Event "Challenge"]
[Site "http://www.queenalice.com/game.php?id=349537"]
[Date "2008.2.6"]
[Round "-"]
[White "piemme"]
[Black "brainstorm"]
[Result "0-1"]
[WhiteElo "1807"]
[BlackElo "1929"]

1. d4 f5 2. e3 Nf6 3. Nf3 e6 4. Bd3 d5 5. O-O Nc6 6. c4 Nb4 7. Bd2 Nxd3 8. Qb3
dxc4 9. Qc3 Nxf2 10. Rxf2 Ne4 11. Qxc4 Nxf2 12. Kxf2 Bd6 13. Bc3 O-O 14. Nbd2 c6
15. Kg1 b5 16. Qxc6 Rb8 17. Ne1 Rf6 18. Qf3 b4 19. e4 bxc3 20. Qxc3 Rh6 21. Nef3
Bb4 22. Qc2 Bxd2 23. Qxd2 fxe4 24. Ne1 Qh4 25. g3 Qh3 26. Qg2 Ba6 27. Qxh3 Rxh3
28. b3 Rc8 29. Ng2 Rc3 30. Nf4 Rh6 31. Rd1 e3 32. Re1 g5 33. Ng2 e2 34. Rxe2
Bxe2 35. Kf2 Rxh2 36. Kxe2 Rxg2+ 0-1

[Event "AUTO-ADV-796"]
[Site "http://www.queenalice.com/game.php?id=350310"]
[Date "2008.2.7"]
[Round "1"]
[White "brainstorm"]
[Black "ribeiroBR"]
[Result "1/2-1/2"]
[WhiteElo "1930"]
[BlackElo "1922"]

1. d4 Nf6 2. c4 e6 3. g3 Nc6 4. Nf3 Bb4+ 5. Bd2 d5 6. Bxb4 Nxb4 7. e3 O-O 8. a3
Nc6 9. b4 Ne4 10. b5 Ne7 11. Bg2 c6 12. a4 Qa5+ 13. Nfd2 Nxd2 14. Qxd2 Qc7 15.
O-O cxb5 16. cxd5 exd5 17. Nc3 Be6 18. Nxb5 Qd7 19. Rfc1 Rfc8 20. Rxc8+ Qxc8 21.
Rc1 Nc6 22. e4 dxe4 23. d5 Qd7 24. Bxe4 Bg4 25. f3 Bh3 26. Rd1 Ne5 27. g4 a6 28.
Bf5 Qxf5 29. gxf5 Nxf3+ 30. Kf2 Nxd2 31. Nd6 Bxf5 32. Nxf5 Ne4+ 33. Kf3 Nf6 34.
d6 Rd8 35. Kf4 g6 36. Ne3 b5 37. Ke5 Nd7+ 38. Kd5 bxa4 39. Kc6 Kf8 40. Ng4 f5
41. Kc7 Ra8 42. Kxd7 Ra7+ 43. Kc6 fxg4 44. d7 Ra8 45. d8=Q+ Rxd8 46. Rxd8+ Kg7
47. Rd4 1/2-1/2

[Event "AUTO-ADV-796"]
[Site "http://www.queenalice.com/game.php?id=350311"]
[Date "2008.2.7"]
[Round "1"]
[White "ribeiroBR"]
[Black "brainstorm"]
[Result "1/2-1/2"]
[WhiteElo "1922"]
[BlackElo "1930"]

1. e4 c5 2. Nf3 e6 3. Nc3 Nc6 4. a3 Bd6 5. Be2 Nf6 6. d3 O-O 7. Bg5 h6 8. Bh4 g5
9. Bg3 Bxg3 10. hxg3 Re8 11. Rxh6 Kg7 12. Rh1 Rh8 13. Rxh8 Qxh8 14. Qd2 g4 15.
Nh4 d5 16. O-O-O Kf8 17. Rh1 Ke8 18. Qd1 d4 19. Nb5 Kd7 20. Nf5 Qg8 21. Nh6 Qg5+
22. Kb1 a6 23. Nxf7 Qg7 24. Nbd6 Ne8 25. Nxc8 Rxc8 26. Nh6 Nf6 27. Nxg4 Rg8 28.
Rh4 Kc7 29. Qd2 Rf8 30. Nxf6 Rxf6 31. Rg4 Qh7 32. Qg5 Rxf2 33. Qg7+ Qxg7 34.
Rxg7+ Kd6 35. Bf3 b5 36. g4 b4 37. g5 b3 38. cxb3 Ne5 39. Ra7 Nxd3 40. Rxa6+ Ke5
41. g6 Rxb2+ 42. Ka1 Rc2 43. g7 Rc1+ 1/2-1/2

[Event "AUTO-ADV-796"]
[Site "http://www.queenalice.com/game.php?id=350312"]
[Date "2008.2.7"]
[Round "1"]
[White "brainstorm"]
[Black "REUSKING"]
[Result "1/2-1/2"]
[WhiteElo "1973"]
[BlackElo "1964"]

1. d4 d5 2. c4 e6 3. Nc3 Nf6 4. Nf3 Be7 5. Bf4 O-O 6. e3 c5 7. dxc5 Bxc5 8. a3
Nc6 9. Qc2 Bd6 10. Bg3 Qc7 11. Bd3 dxc4 12. Bxc4 Ne5 13. Nxe5 Bxe5 14. Bxe5 Qxe5
15. Rd1 b6 16. O-O Bb7 17. Rd4 Rad8 18. Rfd1 Rxd4 19. Rxd4 Qg5 20. g3 h6 21. h4
Qe5 22. f4 Qxe3+ 23. Qf2 Qxf2+ 24. Kxf2 a6 25. b4 Rc8 26. Ne2 b5 27. Bd3 Ng4+
28. Ke1 Ne3 29. Kd2 Nc4+ 30. Bxc4 Rxc4 31. Rxc4 bxc4 32. Kc3 Bd5 33. Kd4 f6 34.
Nc3 Kf7 35. Nxd5 exd5 36. a4 Ke7 37. f5 Kd6 38. h5 Kc6 39. Kc3 Kd6 40. Kd4
1/2-1/2

[Event "AUTO-ADV-796"]
[Site "http://www.queenalice.com/game.php?id=350313"]
[Date "2008.2.7"]
[Round "1"]
[White "REUSKING"]
[Black "brainstorm"]
[Result "1/2-1/2"]
[WhiteElo "1946"]
[BlackElo "1972"]

1. e4 c5 2. Nf3 d6 3. d4 cxd4 4. Nxd4 Nf6 5. Nc3 a6 6. a4 e6 7. Be2 Nc6 8. Be3
Be7 9. O-O O-O 10. f4 Bd7 11. Kh1 Qb6 12. Nxc6 Qxc6 13. Bf3 Qc7 14. Qd2 Bc6 15.
Qf2 d5 16. exd5 Bxd5 17. Nxd5 Nxd5 18. Bxd5 exd5 19. Bd4 b5 20. axb5 axb5 21. c3
Qc6 22. Qg3 Bf6 23. Bxf6 Qxf6 24. Qf3 Rfe8 25. h3 Red8 26. Rxa8 Rxa8 27. Qxd5
Rb8 28. Rd1 g6 29. Qd6 Qxd6 30. Rxd6 b4 31. c4 b3 32. g3 Re8 33. Rd2 Kg7 34. Kg2
h5 35. Kf3 f5 36. Rd3 Rc8 37. Rc3 h4 38. gxh4 Kh6 39. Kg3 Rc7 40. c5 Kg7 41. c6
Kf7 42. Rc5 Ke6 43. h5 gxh5 44. Kh4 Kf6 45. Kg3 Ke6 46. Rc3 Kf6 47. Rxb3 Rxc6
48. Rc3 Rb6 49. b3 Rb4 50. h4 Ke6 51. Kf3 Kd5 1/2-1/2

[Event "AUTO-ADV-796"]
[Site "http://www.queenalice.com/game.php?id=350314"]
[Date "2008.2.7"]
[Round "1"]
[White "brainstorm"]
[Black "silverado"]
[Result "1-0"]
[WhiteElo "1960"]
[BlackElo "1705"]

1. d4 d5 2. c4 dxc4 3. Nf3 f6 4. Nc3 c6 5. e4 b5 6. a4 b4 7. Na2 e6 8. Bxc4 c5
9. Qb3 Qb6 10. Be3 Ne7 11. dxc5 Qc6 12. Nd2 a5 13. Bb5 1-0

[Event "AUTO-ADV-796"]
[Site "http://www.queenalice.com/game.php?id=350315"]
[Date "2008.2.7"]
[Round "1"]
[White "silverado"]
[Black "brainstorm"]
[Result "1-0"]
[WhiteElo "1771"]
[BlackElo "1970"]

1. e4 c5 2. d4 cxd4 3. Qxd4 Nc6 4. Qa4 Nf6 5. f3 e5 6. Ne2 d5 7. exd5 Nxd5 8.
Bd2 Nb6 9. Qb3 Be6 10. Qd3 Bb4 11. Qxd8+ Rxd8 12. c3 Bc5 13. b3 O-O 14. Nc1 Rd6
15. b4 Bxb4 16. cxb4 Rfd8 17. a3 Bf5 18. b5 Na5 19. Be2 Bxb1 20. Bxa5 Bc2 21.
O-O R8d7 22. Bxb6 axb6 23. a4 f5 24. Bc4+ Kf8 25. Ne2 Rc7 26. Ba2 Bxa4 27. Ng3
f4 28. Ne4 Rd3 29. Ng5 Re7 30. Nxh7+ Ke8 31. Bc4 Rd4 32. Rxa4 1-0

[Event "Challenge"]
[Site "http://www.queenalice.com/game.php?id=392776"]
[Date "2008.4.24"]
[Round "-"]
[White "brainstorm"]
[Black "denzil"]
[Result "1/2-1/2"]
[WhiteElo "1945"]
[BlackElo "1858"]

1. d4 d5 2. c4 Nf6 3. Nf3 Nbd7 4. Nc3 e6 5. e3 b6 6. Bd3 Bb7 7. O-O Bd6 8. Re1
O-O 9. Qc2 dxc4 10. Bxc4 Bxf3 11. gxf3 Nd5 12. a3 Qg5+ 13. Kh1 Qh5 14. f4 Qf3+
15. Kg1 N7f6 16. Bd3 Rad8 17. Ne4 g6 18. Nxf6+ Nxf6 19. Be2 Qh3 20. Bf1 Qh4 21.
Bg2 a5 22. h3 Kh8 23. Qe2 g5 24. fxg5 Qxg5 25. e4 Qh5 26. e5 Qxe2 27. Rxe2 Bxe5
28. dxe5 1/2-1/2